03872cam a22004697a 450000500170000000800410001701000170005802000250007503500170010003500130011703700080013004000080013808200110014610000250015724500410018226000610022330000350028444000250031950000850034452001040042965000450053365000480057871000390062694200250066599900170069095201610070795201610086895201530102995201610118295201530134395201650149695201510166195201650181295201780197795201650215595201510232095201750247195202300264695201630287695201770303995201860321620090121151616.0041027s2004 dcua j b 001 0 eng d aB-330173-187 a9788179912980c55.00 aB-330173-187 aB-358509 bPUB adpl a571.81 aStephens, Catherine. aLife cycles /cby Catherine Stephens aWashington, D.C. :bNational Geographic Society,cc2004. a32p. bcol. ill. c23cm. (pbk) aReading expeditions. aOriginally published by National Geographic under the reading expeditions series aIntroduces the concept of metamorphosis in the life cycles of some animals, insects and amphibians. aAnimal life cyclesvJuvenile literature. aLife cycles (Biology)vJuvenile literature. aNational Geographic Society (U.S.) 2ddccCHh571.81mSTE c22014d22014 00102ddc40708NFICaMbMd2009-07-06ePopular/0114/4.5.09/8/23.4.09/3.6.09g55.00l0o571.81 STEpB-330173r2009-07-06 00:00:00t2v55.00w2009-07-06yCH 00102ddc40708NFICaMbMd2009-07-06ePopular/0114/4.5.09/8/23.4.09/3.6.09g55.00l0o571.81 STEpB-330174r2009-07-06 00:00:00t2v55.00w2009-07-06yCH 00152ddc40708NFICaNPLbNPLd2009-07-06ePopular/0114/4.5.09/8/23.4.09/3.6.09g55.00l0o571.81 STEpB-330175r2009-07-06 00:00:00t1v55.00yCH 00102ddc40708NFICaLbLd2009-07-06ePopular/0114/4.5.09/8/23.4.09/3.6.09g55.00l0o571.81 STEpB-330176r2009-07-06 00:00:00t1v55.00w2009-07-06yCH 00152ddc40708NFICaBL1bBL1d2009-07-06ePopular/0114/4.5.09/8/23.4.09/3.6.09g55.00l0o571.81 STEpB-330177r2009-07-06 00:00:00t1v55.00yCH 00102ddc40708NFICaKGMbKGMd2009-07-06ePopular/0114/4.5.09/8/23.4.09/3.6.09g55.00l0o571.81 STEpB-330178r2009-07-06 00:00:00t1v55.00w2009-07-06yCH 04162ddc40708NFICaPRbPRd2009-07-06ePopular/0114/4.5.09/8/23.4.09/3.6.09g55.00l0o571.81 STEpB-330179r2009-07-06 00:00:00t1v55.00yCH 00102ddc40708NFICaZLSbZLSd2009-07-06ePopular/0114/4.5.09/8/23.4.09/3.6.09g55.00l0o571.81 STEpB-330180r2009-07-06 00:00:00t1v55.00w2009-07-06yCH 00102ddc40708NFICaVPbVPd2009-07-06ePopular/0114/4.5.09/8/23.4.09/3.6.09g55.00l7m1o571.81 STEpB-330181r2012-12-14 00:00:00s2012-12-13t1v55.00w2009-07-06yCH 00102ddc40708NFICaBL3bBL3d2009-07-06ePopular/0114/4.5.09/8/23.4.09/3.6.09g55.00l0o571.81 STEpB-330182r2009-07-06 00:00:00t1v55.00w2009-07-06yCH 00152ddc40708NFICaNRbNRd2009-07-06ePopular/0114/4.5.09/8/23.4.09/3.6.09g55.00l0o571.81 STEpB-330183r2009-07-06 00:00:00t1v55.00yCH 00102ddc40708NFICaBNbBNd2009-07-06ePopular/0114/4.5.09/8/23.4.09/3.6.09g55.00l1o571.81 STEpB-330184r2019-07-13 00:00:00s2019-06-27t1v55.00w2009-07-06yCH 04102ddc40708NFICaBL4bBL4d2009-07-06ePopular/0114/4.5.09/8/23.4.09/3.6.09g55.00l0o571.81 STEpB-330185r2009-07-06 00:00:00t1v55.00w2009-07-06yCHzWritten off on approval by DLB (By Circulation); dtd 20.12.2022 00102ddc40708NFICaYVbYVd2009-07-06ePopular/0114/4.5.09/8/23.4.09/3.6.09g55.00l0o571.81 STEpB-330186r2009-07-06 00:00:00t1v55.00w2009-07-06yCH 00102ddc40708NFICaRC3bRC3d2009-07-06ePopular/0114/4.5.09/8/23.4.09/3.6.09g55.00l1o571.81 STEpB-330187r2021-12-11 00:00:00s2021-12-10t1v55.00w2009-07-06yCH 00102ddc40708NFICaJPbJPd2009-09-19ePopular/I/09-10/0562/10.9.09/85/2.9.09/16.9.09g55.00l30o571.81 STEpB-358509r2013-11-22 00:00:00s2013-11-18t1v55.00w2009-09-19yCH